000 00470nam a22001817a 4500
003 MPLRDC
005 20220104172246.0
008 210129b ||||| |||| 00| 0 eng d
082 _a781.08 HC v.3
100 _aH. BELLIS
245 _aADMIRAL NELSON
_c
250 _a初版
260 _a
_bMCGRAW-HILL FAR EASTERN PUBLISHERS(S)LTD,SINGAPORE
_c1970
300 _b
490 _aHISTORICAL CHARACTERS
650 _a世界名人合传
942 _cBK
_o781.08 HC v.3
999 _c58847
_d58837